| 000 | 00465nam a2200169Ia 4500 | ||
|---|---|---|---|
| 008 | 090201s9999 xx 000 0 und d | ||
| 010 | _aKPL-46418 | ||
| 040 | _bइंग्रजी | ||
| 041 | _aइंग्रजी | ||
| 082 |
_a51460 _b46418 |
||
| 100 | _acompitions success | ||
| 245 |
_ayear book 1990 _ccompitions success |
||
| 260 |
_c2007 _bcompetition review pvt.ltd. |
||
| 300 |
_a247 _bमोठा |
||
| 600 | _ayear book 1990 | ||
| 942 | _cBOOK | ||
| 999 |
_c247939 _d247939 |
||